LEADER 01343nam2-2200421---450- 001 990006176250203316 005 20161102114417.0 010 $a3-211-81603-8 010 $a0-387-81603-8 035 $a000617625 035 $aUSA01000617625 035 $a(ALEPH)000617625USA01 035 $a000617625 100 $a20161102d1980----km-y0itay50------ba 101 $aita 102 $aIT 105 $aa---||||001yy 200 1 $a<<1.:>> <> Teoria$fa cura di Michele Mele 205 $a2. ed. 210 $aWien$aNew York$cSpringer Verlag$dcopyr. 1980 215 $aVII, 290 p., [2] c. di tav.$d24 cm$eerr. corr. 225 2 $aCourses and lectures$fInternational Centre for mechanical sciences$v206 410 0$12001$aCourses and lectures$iInternational Centre for mechanical sciences 461 0$1001000617624$12001$aIngegneria sismica 606 0 $aCostruzioni antisismiche$2BNCF 676 $a624.1762 702 1$aMELE,$bMichele 801 0$aIT$bsalbc$gISBD 912 $a990006176250203316 951 $a624.176 ING/1$b985 Crd.$c624$d00331617 959 $aBK 969 $aCRD 979 $aPAOLA$b90$c20161102$lUSA01$h1140 979 $aPAOLA$b90$c20161102$lUSA01$h1141 979 $aPAOLA$b90$c20161102$lUSA01$h1141 979 $aPAOLA$b90$c20161102$lUSA01$h1144 996 $aTeoria$9894266 997 $aUNISA